000 00878nas a2200277 4500
001 BR9100610
003 BR-BrBNA
005 20231205091918.0
007 ta
008 230509b bl.|||p| |||| 00| 00por d
040 _aBR-BrBNA
_bpor
_cBiblioteca Nacional de Agricultura
041 _a(Pt)
072 _aF30
100 1 _aSoares, P.C.
100 1 _aSilva, J.C.
100 1 _aRangel, P.H.N.
100 1 _aCutrim, V.A.
100 1 _aCastro, E.M.
100 1 _aCruz, C.D.
245 1 _aCorrelacoes e coeficientes de trilha de caracteres do arroz cultivado em varzea umida ou sob irrigacao com inundacao continua.
_bParte de tese
650 _aARROZ
650 _aMELHORAMENTO GENETICO VEGETAL
773 0 _tRevista Ceres (Brazil)
_xISSN 0034-737X
_g(Jan-Feb 1990), v. 37(209) p. 1-15
_wBR9100610
909 _a202311
_bLúcia
_c55
_dLúcia Elande
942 _2AGRIS
_n0
_cANA
999 _c128105
_d128105